| 000 | 00617nam a2200217Ia 4500 | ||
|---|---|---|---|
| 003 | GCL | ||
| 008 | 140319s9999 xx 000 0 eng d | ||
| 040 |
_aGCL / _cGCL |
||
| 082 | 0 | 4 |
_a338.1 _bS A |
| 100 | 1 | _aSNODGRASS, MILTON M. | |
| 245 | 1 | 0 |
_aAGRICULTURE, ECONOMICS, AND RESOURCE MANAGEMENT 2ND ED / _cSNODGRASS, MILTON M. |
| 700 | 1 | _aWALLACE, L.T | |
| 260 |
_a[S.N] : _bPRENTIC- HALL OF INDIA PRIVTE LIMITED ، _c1982 |
||
| 650 | 0 | 4 | _aMANAGEMENT |
| 650 | 0 | 4 | _aMACROECONOMICS |
| 650 | 0 | 4 | _aDECISION - MAKING |
| 650 | 0 | 4 | _aECONOMIC |
| 650 | 0 | 4 | _aAGRICULTURE |
| 650 | 0 | 4 | _aFOOD COMPOSITION |
| 942 |
_2ddc _cBK |
||
| 999 |
_c20546 _d20546 |
||